Handbook of Education Policy Studies (Record no. 19418)
[ view plain ]
| 000 -LEADER | |
|---|---|
| fixed length control field | 00859nam a2200121Ia 4500 |
| 008 - FIXED-LENGTH DATA ELEMENTS--GENERAL INFORMATION | |
| fixed length control field | 220616s9999||||xx |||||||||||||| ||und|| |
| 245 #0 - TITLE STATEMENT | |
| Title | Handbook of Education Policy Studies |
| Remainder of title | School/University, Curriculum, and Assessment, Volume 2 |
| 546 ## - LANGUAGE NOTE | |
| Language note | English[eng] |
| 650 ## - SUBJECT ADDED ENTRY--TOPICAL TERM | |
| Topical term or geographic name entry element | Educational Policy and Politics||International and Comparative Education||International assessments||Globalization and educational reform||International cooperation||International "agents" in modernizing||Educational change||The politics of education||International/ transnational studies||Historical studies||Cultural diversity||Regional differences||Open Access||Educational strategies & policy||Education |
| 700 ## - ADDED ENTRY--PERSONAL NAME | |
| Personal name | Fan, Guorui||Popkewitz, Thomas S. |
| 856 ## - ELECTRONIC LOCATION AND ACCESS | |
| Uniform Resource Identifier | <a href="https://library.oapen.org/bitstream/20.500.12657/39544/1/2020_Book_HandbookOfEducationPolicyStudi.pdf">https://library.oapen.org/bitstream/20.500.12657/39544/1/2020_Book_HandbookOfEducationPolicyStudi.pdf</a> |
| 942 ## - ADDED ENTRY ELEMENTS (KOHA) | |
| Koha item type | E-Books |
| Withdrawn status | Lost status | Damaged status | Not for loan | Home library | Current library | Date acquired | Total Checkouts | Date last seen | Price effective from | Koha item type |
|---|---|---|---|---|---|---|---|---|---|---|
| Kerala University of Digital Sciences, Innovation and Technology Knowledge Centre | Kerala University of Digital Sciences, Innovation and Technology Knowledge Centre | 16/06/2022 | 16/06/2022 | 16/06/2022 | E-Books |